Enfoque estratégico para la integración del sistema de dirección de la unidad territorial de inspección estatal de la construcción de Santiago de Cuba

Plantea el enfoque estratégico para la integración del sistema de dirección de la unidad territorial de inspección estatal de la construcción de.

Saved in:
Bibliografiske detaljer
Hovedforfatter: Carbonell Zamora, Lionel
Institution som forfatter: e-libro, Corp
Andre forfattere: Roldán Ruenes, Amilcar (Director)
Format: eBog
Sprog:spansk
Udgivet: La Habana : Instituto Superior Politécnico José Antonio Echeverría. CUJAE, 2011.
Fag:
Online adgang:https://elibro.unach.elogim.com/es/lc/unach/titulos/85935
Tags: Tilføj Tag
Ingen Tags, Vær først til at tagge denne postø!

MARC

LEADER 00000nam a2200000 a 4500
001 ELB85935
003 FlNmELB
006 m o d |
007 cr cn|||||||||
008 201201r2011 cu |||||s|||||||||||spa d
024 8 |z 71208061110 
035 |a (MiAaPQ)EBC3202242 
035 |a (Au-PeEL)EBL3202242 
035 |a (CaPaEBR)ebr10609218 
035 |a (OCoLC)929378626 
040 |a FlNmELB  |b spa  |c FlNmELB 
050 4 |a NA1  |b C2646 2011 
080 |a 72 
082 0 4 |a 720  |2 22 
100 1 |a Carbonell Zamora, Lionel. 
245 1 0 |a Enfoque estratégico para la integración del sistema de dirección de la unidad territorial de inspección estatal de la construcción de Santiago de Cuba  |h [recurso electronico]  |c Lionel Carbonell Zamora. 
260 |a La Habana :  |b Instituto Superior Politécnico José Antonio Echeverría. CUJAE,  |c 2011. 
300 |a 234 p. 
500 |a Tesis (maestría) - Instituto Superior Politécnico José Antonio Echeverría CUJAE. 
520 |a Plantea el enfoque estratégico para la integración del sistema de dirección de la unidad territorial de inspección estatal de la construcción de. 
533 |a Recurso electrónico. Santa Fe, Arg.: e-libro, 2015. Disponible vía World Wide Web. El acceso puede estar limitado para las bibliotecas afiliadas a e-libro. 
650 4 |a Technology.  |x Construction.  |x General. 
650 4 |a Tecnología.  |x Construcción.  |x General. 
655 4 |a Libros electrónicos. 
700 1 |a Roldán Ruenes, Amilcar.  |4 drt 
710 2 |a e-libro, Corp. 
856 4 0 |u https://elibro.unach.elogim.com/es/lc/unach/titulos/85935